MARC

LEADER 00000nam0a2200000 4500
001 147567
005 20231031145109.0
035 |a (RuTPU)RU\TPU\book\159954 
090 |a 147567 
100 |a 20081117d1979 km y0rusy50 ca 
101 0 |a rus 
102 |a RU 
105 |a a z 001zy 
200 1 |a Справочная книга по текущему и капитальному ремонту нефтяных и газовых скважин  |f А. Д. Амиров [и др.] 
210 |a Москва  |c Недра  |d 1979 
215 |a 309 с.  |c ил. 
320 |a Библиогр.: с. 305. 
610 1 |a нефтяные скважины 
610 1 |a ремонт 
610 1 |a газовые скважины 
610 1 |a наземные сооружения 
610 1 |a агрегаты 
610 1 |a оборудование 
610 1 |a инструменты 
610 1 |a текущий ремонт 
610 1 |a капитальный ремонт 
610 1 |a нефтеотдача 
610 1 |a справочники 
675 |a 622.276.7(035)  |v 3 
675 |a 622.279.7(035)  |v 3 
701 1 |a Амиров  |b А. Д.  |g Али Джабарович 
701 1 |a Карапетов  |b К. А.  |g Каро Амбарцумович 
701 1 |a Лемберанский  |b Ф. Д.  |g Фируз Джамиль-оглы 
701 1 |a Яшин  |b А. С.  |g Александр Степанович 
701 1 |a Джафаров  |b А. А.  |g Асадулла Ага-Дадаш оглы 
801 1 |a RU  |b 63413507  |c 20081117  |g PSBO 
801 2 |a RU  |b 63413507  |c 20090604  |g PSBO 
900 |a Бурение и ремонт скважин на нефть и газ 
942 |c BK